| 000 | 00837nam a2200265 a 4500 | ||
|---|---|---|---|
| 001 | 83691 | ||
| 003 | BD-RjUL | ||
| 005 | 20240508151727.0 | ||
| 008 | 940829s1930 enk j 00001 eng d | ||
| 035 | _a(BD-RjUL)83691 | ||
| 040 |
_aANL _cANL _beng _dBD-RjUL |
||
| 041 | _aeng | ||
| 082 | 0 |
_223 _a823.912 _bJEB 1950 |
|
| 100 | 1 |
_aJefferies, Richard, _d1848-1887. _912909 |
|
| 245 | 1 | 0 |
_aBevis : _bthe story of a boy / _cby Richard Jefferies. |
| 260 |
_aLondon : _bJ.M. Dent, _c1930, [reprinted 1952] |
||
| 300 |
_a430 p. ; _c18 cm. |
||
| 490 | 1 |
_aEveryman's library ; _v850 |
|
| 650 | 0 |
_aBoys _zEngland _xConduct of life _xJuvenile fiction. _912910 |
|
| 650 | 0 |
_aAdventure stories. _910817 |
|
| 650 | 0 |
_aSailing _xJuvenile fiction. _912911 |
|
| 650 | 0 |
_aAdventure stories. _910817 |
|
| 830 | 0 |
_aEveryman's library ; _v850. |
|
| 942 |
_2ddc _cBK |
||
| 999 |
_c83691 _d83691 |
||